| 000 | 01001nam a22002897a 4500 | ||
|---|---|---|---|
| 003 | CHAP | ||
| 005 | 20220329140055.0 | ||
| 008 | 971013s1971 r 00010 d | ||
| 010 | _a46577 | ||
| 011 | _a47549 | ||
| 035 | _a51691 | ||
| 040 | _cCHAP | ||
| 082 |
_a338.90184 _bU5 |
||
| 110 |
_aUniversidad Central de Venezuela. Centro de Estudios del Desarrollo _9116393 |
||
| 245 |
_aEstilos de desarrollo _b: grupo de modelos matemáticos |
||
| 260 |
_aCaracas : _bLa Universidad, _c1971 |
||
| 300 | _a2 v. | ||
| 590 |
_aBATCH-UPD _b10 _c20130110 _lUCH01 _h0147 |
||
| 590 |
_aBATCH-UPD _b10 _c20130409 _lUCH01 _h2147 |
||
| 590 |
_aBATCH-UPD _b10 _c20130914 _lUCH01 _h1931 |
||
| 590 |
_aCONVERSION _b10 _c20130109 _lUCH01 _h1325 |
||
| 650 | 1 | 4 |
_aPolítica económica _xModelos matemáticos. _990515 |
| 901 | _aBK | ||
| 942 | _cLIBRO | ||
| 949 |
_a338.90184 U5 _bBC _cLIBRO _d33724000109732 _eLIBRO _fv.1 _h35331 _i51691 _mD _si |
||
| 949 |
_a338.90184 U5 _bBC _cLIBRO _d33724000109740 _eLIBRO _fv.2 _h35332 _i51691 _mD _si |
||
| 999 |
_c46577 _d46577 |
||